000 00697nam a2200217 4500
001 133253
003 ES-MaACL
005 20230906194346.0
007 t|
008 070214s1945 ag r ||||1| spa d
100 1 _aRostand, Jean.
_999922
245 1 4 _aLos cromosomas
_b: artesanos del sexo y de la herencia /
_cJean Rostand ; prólogo de Desiderio Papp ; traducción de Alberto L. Merani.
260 _aBuenos Aires :
_bEd. del Tridente,
_c1945.
300 _a282 p. ;
_c21 cm.
490 1 _aPalas Atenea
700 1 _aPapp, Desiderio.
_988881
700 1 _aMerani, Alberto L.
_980403
830 0 _aPalas Atenea
_9219714
852 _aES-MaACL
_jA-493
_bR.22646
999 _c133253
_d133253